000 00372nam a2200169Ia 4500
008 210210b1945 xxu||||| |||| 00| 0 eng d
041 _aeng
082 _a829/1240
100 _aWILKES (M)
245 _aOnly door out
260 _aLondon
_bFaber & Faber
_c1945
650 _aout
650 _aOnly
650 _adoor
690 _aEnglish Fiction
906 _a017851
999 _c137835
_d137835